_Digital Instrumentation (Record no. 5803)
[ view plain ]
| 000 -LEADER | |
|---|---|
| fixed length control field | 00398nam a2200145Ia 4500 |
| 008 - FIXED-LENGTH DATA ELEMENTS--GENERAL INFORMATION | |
| fixed length control field | 151021s9999 xx 000 0 und d |
| 020 ## - INTERNATIONAL STANDARD BOOK NUMBER | |
| International Standard Book Number | 1.3978007463e+014 |
| 050 ## - LIBRARY OF CONGRESS CALL NUMBER | |
| Classification number | TK7878.4.B681983 |
| 245 ## - TITLE STATEMENT | |
| Title | _Digital Instrumentation |
| 260 ## - PUBLICATION, DISTRIBUTION, ETC. (IMPRINT) | |
| Place of publication, distribution, etc. | india McGraw-Hill 1983 |
| 300 ## - PHYSICAL DESCRIPTION | |
| Extent | xii,339p.;ill. |
| 500 ## - GENERAL NOTE | |
| General note | Includes Index |
| 650 ## - SUBJECT ADDED ENTRY--TOPICAL TERM | |
| Topical term or geographic name as entry element | _Number Systems |
| 980 ## - EQUIVALENCE OR CROSS-REFERENCE-SERIES STATEMENT--PERSONAL NAME/TITLE [LOCAL, CANADA] | |
| Personal name | ^d20110106 11:40:31^okilerai |
No items available.